000 01110cam a2200289 a 4500
001 13225768
003 NUST-PNEC
005 20170116180656.0
008 030605s2004 njua 001 0 eng
010 _a 2003012709
020 _a0130487414
040 _aDLC
_cPNEC
_dDLC
050 0 0 _aTK7881
_b.M343 2004
082 0 0 _a629.89 MAL
100 1 _aMaloney, Timothy J.
245 1 0 _aModern industrial electronics /
_cTimothy J. Maloney.
250 _a5th ed.
260 _aUpper Saddle River, N.J. :
_bPearson/Prentice-Hall,
_cc2004.
300 _a972 p. :
_bill. (some col.) ;
_c27 cm.
500 _ahttp://www.amazon.com/Modern-Industrial-Electronics-Timothy-Maloney/dp/0130487414/ref=sr_1_1?s=books&ie=UTF8&qid=1409563092&sr=1-1&keywords=0130487414
504 _aIncludes index.
650 0 _aIndustrial electronics.
_xEE, EL
856 4 1 _3Table of contents
_uhttp://www.loc.gov/catdir/toc/ecip045/2003012709.html
906 _a7
_bcbc
_corignew
_d1
_eecip
_f20
_gy-gencatlg
942 _2ddc
_cBK
999 _c60407
_d60407